| 000 | 00753nam a22002291 4500 | ||
|---|---|---|---|
| 005 | 20050827184311.0 | ||
| 008 | 840907s1952 enk b 000 0 eng | ||
| 010 | _aENG-92930 | ||
| 020 |
_c125.00 _a9788189841836 |
||
| 035 | _aEN-76463 | ||
| 037 | _bDBAD / PUB | ||
| 040 |
_adpl _bEnglish |
||
| 082 | _a330 | ||
| 100 | _aPalanisami, A. | ||
| 245 |
_aBasics of economics / _cby A. Palanisami |
||
| 260 |
_aErode _bPallavi Pathippagam _c2008 |
||
| 270 |
_a194, Kanna Complex, Mettur Road, _bErode _e11 |
||
| 300 |
_a140p. _c21 cm (pbk) |
||
| 650 | _aEconomics. | ||
| 942 |
_2ddc _cEN _mPAL _h330 |
||
| 999 |
_c23460 _d23460 |
||